Statistics for Top 10 Formula One Drivers Starting With 'A'

Click here to take the quiz!

General Stats

  • This quiz has been taken 68 times
  • The average score is 6 of 10

Answer Stats

Lp.CareerAnswer% Correct
12001-Fernando Alonso
100%
82019-Alex Albon
87%
21950-1955Alberto Ascari
85%
61989-2001Jean Alesi
68%
51981-1994Michele Alboreto
65%
31968-1982Mario Andretti
56%
41978-1989Rene Arnoux
48%
71963-1976Chris Amon
26%
91963-1966Peter Arundell
13%
101963-1967Bob Anderson
10%

Score Distribution

Percentile by Number Answered

Percent of People with Each Score

Your Score History

You have not taken this quiz